Central Library OPAC University of Rajshahi

A manual of plant names / (Record no. 12097)

MARC details
000 -LEADER
fixed length control field 00784cam a2200289 4500
001 - CONTROL NUMBER
control field 12097
003 - CONTROL NUMBER IDENTIFIER
rucl marc code BD-RjUL
005 - DATE AND TIME OF LATEST TRANSACTION
control field 20211208235232.0
008 - FIXED-LENGTH DATA ELEMENTS--GENERAL INFORMATION
fixed length control field 140128s1968 enka 001 0 eng
020 ## - INTERNATIONAL STANDARD BOOK NUMBER
International Standard Book Number 0045800065
035 ## - SYSTEM CONTROL NUMBER
System control number (BD-RjUL)12146
040 ## - CATALOGING SOURCE
Original cataloging agency DLC
Transcribing agency DLC
Modifying agency DLC
Language of cataloging eng
041 ## - LANGUAGE CODE
Language code of text/sound track or separate title eng
082 00 - DEWEY DECIMAL CLASSIFICATION NUMBER
Classification number 581.014
Author mark and year PLM 1968
100 1# - MAIN ENTRY--PERSONAL NAME
Personal name Plowden, C. Chicheley.
9 (RLIN) 37467
245 12 - TITLE STATEMENT
Title A manual of plant names /
Statement of responsibility, etc. C. Chicheley Plowden.
260 ## - PUBLICATION, DISTRIBUTION, ETC. (IMPRINT)
Place of publication, distribution, etc. London :
Name of publisher, distributor, etc. Allen & Unwin,
Date of publication, distribution, etc. 1968.
300 ## - PHYSICAL DESCRIPTION
Pagination 260 p.
Illustrations illus.
Size 23 cm.
350 ## - PRICE (NR) (BK AM CF MU VM SE) [OBSOLETE]
Price 55/-
504 ## - BIBLIOGRAPHY, ETC. NOTE
Bibliography, etc Includes index
650 #0 - SUBJECT ADDED ENTRY--TOPICAL TERM
Topical term or geographic name as entry element Plants
General subdivision Nomenclature.
9 (RLIN) 37468
Topical term or geographic name as entry element Botany
General subdivision Terminology.
9 (RLIN) 37469
Topical term or geographic name as entry element Plant names, Popular.
9 (RLIN) 37470
942 ## - ADDED ENTRY ELEMENTS (KOHA)
Source of classification or shelving scheme Dewey Decimal Classification
Koha item type Books
Holdings
Lost status Source of classification or shelving scheme Damaged status Not for loan Collection code Permanent Location Current Location Shelving location Date acquired Source of acquisition Cost, normal purchase price Total Checkouts Full call number Date last seen Copy number Koha item type
  Dewey Decimal Classification     Non-fiction Central Library, University of Rajshahi Central Library, University of Rajshahi   09/03/1970 Zeitlinger 110.00   581.014 PLM 1968 28/01/2014 C-2 Books